| 000 | 01505nam a2200337 a 4500 | ||
|---|---|---|---|
| 001 | ebr10500142 | ||
| 003 | CaPaEBR | ||
| 006 | m u | ||
| 007 | cr cn||||||||| | ||
| 008 | 111014s2011 enka s 001 0 eng d | ||
| 020 | _z9781849682206 | ||
| 020 | _z9781849682213 (e-book) | ||
| 040 |
_aCaPaEBR _cCaPaEBR |
||
| 035 | _a(OCoLC)763159114 | ||
| 050 | 1 | 4 |
_aQA76.9.D3 _bW55 2011eb |
| 100 | 1 | _aWilliamson, Jason. | |
| 245 | 1 | 0 |
_aOracle Information integration, migration, and consolidation _h[electronic resource] : _bthe definitive guide to information integration and migration in a heterogeneous world : use Oracle technologies and best practices to manage, maintain, migrate, and mobilize data / _cJason Williamson ; with Tom Laszewski and Prakash Nauduri. |
| 260 |
_aBirmingham [U.K.] : _bPackt Pub. Ltd., _c2011. |
||
| 300 |
_avii, 305 p. : _bill. (some col.) |
||
| 500 | _a"Professional expertise distilled"--Cover. | ||
| 500 | _aIncludes index. | ||
| 533 |
_aElectronic reproduction. _bPalo Alto, Calif. : _cebrary, _d2011. _nAvailable via World Wide Web. _nAccess may be limited to ebrary affiliated libraries. |
||
| 630 | 0 | 0 | _aOracle (Computer file) |
| 650 | 0 | _aData mining. | |
| 650 | 0 | _aData warehousing. | |
| 655 | 7 |
_aElectronic books. _2local |
|
| 700 | 1 | _aLaszewski, Tom. | |
| 700 | 1 | _aNauduri, Prakash. | |
| 710 | 2 | _aebrary, Inc. | |
| 856 | 4 | 0 |
_uhttp://site.ebrary.com/lib/rucke/Doc?id=10500142 _zAn electronic book accessible through the World Wide Web; click to view |
| 999 |
_c241716 _d241716 |
||